| 000 | nam a22 7a 4500 | ||
|---|---|---|---|
| 999 |
_c331844 _d331844 |
||
| 003 | NUST | ||
| 005 | 20171030123449.0 | ||
| 008 | 171030b xxu||||| |||| 00| 0 eng d | ||
| 040 | _c0 | ||
| 082 | _a628 PAK | ||
| 245 |
_aThe Pakistan National Conservation Strategy: _bplan of action 1993-98, document for the donors' conference islamabad |
||
| 260 |
_aIslamabad _bEnvironment and Urban Affairs Division _c1993 |
||
| 300 | _a81p. | ||
| 500 | _aP.B | ||
| 942 |
_2ddc _cBK _kIESE |
||